Θεμελιώδη δικαιώματα : ατομικά, κοινωνικά και πολιτικά δικαιώματα

Αποθηκεύτηκε σε:
Λεπτομέρειες βιβλιογραφικής εγγραφής
Κύριος συγγραφέας: Βλαχόπουλος, Σπύρος
Μορφή: Βιβλίο
Γλώσσα:Greek
Δημοσίευση: Αθήνα : Νομική Βιβλιοθήκη, 2017.
Θέματα:
Ετικέτες: Προσθήκη ετικέτας
Δεν υπάρχουν, Καταχωρήστε ετικέτα πρώτοι!

MARC

LEADER 00000nam a2200000 a 4500
001 1/114352
008 170615s2017####gr | ||| |||| ||gre||
020 |a 9789605626044  
040 |a GR-MyUa  |b gre  |c GR-MyUa  |e AACR2 
041 0 |a gre 
082 7 |a 342.495   |2 (23) 
100 1 |a Βλαχόπουλος, Σπύρος. 
245 1 0 |a Θεμελιώδη δικαιώματα :   |b ατομικά, κοινωνικά και πολιτικά δικαιώματα /   |c Σπύρος Βλαχόπουλος.  
260 |a Αθήνα :   |b Νομική Βιβλιοθήκη,   |c 2017.  
300 |a 836 σ. ;   |c 24 εκ.  
650 0 |a Civil rights  |z Greece. 
650 0 |a Constitutional law  |z Greece. 
852 |a INST  |b LESVOS  |c EUDOXUS  |e 20170615  |h 342.495 ΒΛΑ  |p 005100059624  |q 005100059624  |t EDX  |y 0 
920 |a Εύδοξος  |b Παραγγελία  |y Λέσβος-ΤΚ  |z 2017-05 
970 |a Τζαφέρη  |b Ευαγγελία  |z 15-06-2017